| 000 | 00000nam 2200000zi 4500 |
| 001 | 9.946510 |
| 003 | CaOODSP |
| 005 | 20250107072034 |
| 006 | m o d f |
| 007 | cr mn||||||||| |
| 008 | 250106s1999 oncab o f000 0 eng d |
| 020 | |a066264252X |q(bilingual ; |qprint) |
| 040 | |aCaOODSP|beng|erda|cCaOODSP |
| 043 | |an-cn---|ae-fr--- |
| 045 | |ax4x4 |
| 086 | 1 |aV32-59/1999E-PDF|zV32-59/1999 |
| 100 | 1 |aGranatstein, J. L., |eauthor. |
| 245 | 10|aNormandy 1944 / |cJ.L. Granatstein. |
| 246 | 14|aNormandy 1944-1999 : |b55th anniversary |
| 264 | 1|a[Ottawa] : |bGovernment of Canada, Veterans Affairs = Gouvernement du Canada, Anciens combattants, |c[1999] |
| 300 | |a1 online resource (58 pages) : |billustrations, maps (some colour) |
| 336 | |atext|btxt|2rdacontent |
| 337 | |acomputer|bc|2rdamedia |
| 338 | |aonline resource|bcr|2rdacarrier |
| 500 | |aIssued also in French under title: Normandie 1944. |
| 500 | |a"Published to commemorate the 55th anniversary of the D-Day landings and the Normandy campaign"--Verso of cover. |
| 500 | |a"Produced by: Communications Division, Veterans Affairs Canada, …"--Verso of cover. |
| 500 | |aDigitized edition from print. |
| 610 | 10|aCanada. |bCanadian Army|xHistory|yWorld War, 1939-1945. |
| 650 | 0|aWorld War, 1939-1945|xCampaigns|zFrance|zNormandy. |
| 650 | 0|aWorld War, 1939-1945|zCanada. |
| 710 | 1 |aCanada. |bVeterans Affairs Canada. |bCommunications Division, |eissuing body. |
| 775 | 08|tNormandie 1944 / |w(CaOODSP)9.946511 |
| 776 | 0#|tNormandy 1944 / |w(CaOODSP)9.660995 |
| 856 | 40|qPDF|s12.20 MB|uhttps://publications.gc.ca/collections/collection_2025/acc-vac/V32-59-1999-eng.pdf |